South American Countries By Lowest Percentage Of Land - Statistics

General Stats
  • This quiz has been taken 18 times
  • The average score is 10 of 10
Answer Stats
Percentage Country % Correct
6% Bolivia
100%
4% Chile
100%
6% Colombia
100%
1% Ecuador
100%
1% Guyana
100%
2% Paraguay
100%
7% Peru
100%
1% Suriname
100%
1% Uruguay
100%
5% Venezuela
94%
No matching quizzes found
Score Distribution
Percent of People with Each Score
Percentile by Number Answered
Your Score History
You have not taken this quiz